Songs By Some Lyrics - Statistics

General Stats
  • This quiz has been taken 38 times
  • The average score is 5 of 9
Answer Stats
Hint Answer Singer % Correct
She's more like a beauty queen Billie Jean Michael Jackson
85%
Baby shark, doo, doo, doo Baby Shark Pinkfong
76%
Oppa Gangman Style Gangnam Style PSY
71%
Hit me baby one more time Baby One More Time Britney Spears
53%
It ain't me it ain't me I aint no senators son Fortunate Son Credence Clearwater
50%
Don't blame it on the sunshine, don't blame it on the moonlight, don't blame it on the good times Blame it on the Boogie The Jacksons
47%
Maconi Plays the Mamba We Built This City Starship
41%
You can try to resist, try to hide from my kiss Can't Fight The Moonlight LeAnn Rimes
26%
Just easy as ABC D.A.N.C.E. Justice
6%
No matching quizzes found
Score Distribution
Percent of People with Each Score
Percentile by Number Answered
Your Score History
You have not taken this quiz